| 000 | 00734nam a2200193 a 4500 | ||
|---|---|---|---|
| 003 | 0 | ||
| 005 | 20250208101042.0 | ||
| 008 | 130125s19uu xx 00 eng d | ||
| 050 |
_aPHS LB 1065 _b.L473 2012 |
||
| 100 | _aLedesma, Nina Bianca B. | ||
| 245 |
_aSocial networking and motivation of high school IV students towards academics / _cNina Bianca B. Ledesma. |
||
| 260 |
_aLas PiƱas City, Philippines : _bSouthville International School and Colleges, _c2012. |
||
| 300 |
_a23 pages : _billustrations ; _c28 cm. |
||
| 504 | _aIncludes bibliographical references. | ||
| 650 |
_aMotivation in education _xAnalysis |
||
| 650 |
_aInternet and teenagers _xAnalysis |
||
| 650 |
_aOnline social networks _xInfluence |
||
| 942 |
_2lcc _cPASS |
||
| 999 |
_c98848 _d98848 |
||